[Event "4NCL Division 4 South"]
[Site "Reading, ENG"]
[Date "2018.05.05"]
[Round "9.99"]
[White "Ribbands, Patrick C"]
[Black "Roy, Anika Rachna"]
[Result "1-0"]
[WhiteElo "1720"]
[BlackElo "1239"]
[PlyCount "53"]
[EventDate "2018.05.05"]

1. c4 b6 2. Nc3 Bb7 3. Nf3 e6 4. e3 Bd6 5. b3 Ne7 6. Bb2 O-O 7. Be2 Nbc6 8. O-O
Ng6 9. d4 Nce7 10. Nb5 Nf5 11. Nxd6 Nxd6 12. Rc1 Ne4 13. Qd3 c5 14. Rfd1 d5 15.
Nd2 dxc4 16. Rxc4 Qd5 17. Nxe4 Qxe4 18. Qxe4 Bxe4 19. dxc5 Bd5 20. Rc2 Rac8 21.
Rdc1 Nh4 22. f3 Bb7 23. c6 Ba8 24. Ba6 Rc7 25. Be5 Re7 26. Bd6 Rfe8 27. Bxe7
1-0

[Event "4NCL Division 4 South"]
[Site "Reading, ENG"]
[Date "2018.05.05"]
[Round "9.99"]
[White "Metcalfe, Charlie P"]
[Black "Nelson, Omowale"]
[Result "1-0"]
[WhiteElo "1705"]
[BlackElo "1976"]
[PlyCount "75"]
[EventDate "2018.05.05"]

1. d4 d5 2. Nf3 Nf6 3. c4 dxc4 4. e3 Bg4 5. Bxc4 e6 6. h3 Bh5 7. Nc3 a6 8. g4
Bg6 9. Ne5 Nbd7 10. Nxg6 hxg6 11. Bf1 c6 12. Bg2 Qc7 13. Bd2 Bd6 14. Rc1 O-O
15. O-O e5 16. d5 c5 17. g5 Ne8 18. a4 b6 19. h4 Qd8 20. f4 f5 21. Kh2 Qe7 22.
Rh1 Nc7 23. Bf1 Rab8 24. Kg1 b5 25. axb5 axb5 26. h5 Qf7 27. hxg6 Qxg6 28. Qe1
exf4 29. exf4 Rfe8 30. Qh4 Nf6 31. Kf2 Ng4+ 32. Kf3 Bf8 33. Ra1 b4 34. Ra7 Re7
35. Bc4 Qd6 36. Qh8+ Kf7 37. g6+ Ke8 38. Qxf8+ 1-0

[Event "4NCL Division 4 South"]
[Site "Reading, ENG"]
[Date "2018.05.05"]
[Round "9.99"]
[White "Karamazondo, Ernest"]
[Black "Stevens, Thomas"]
[Result "0-1"]
[WhiteElo "1874"]
[BlackElo "1682"]
[PlyCount "84"]
[EventDate "2018.05.05"]

1. e4 e6 2. d4 d5 3. e5 c5 4. c3 Nc6 5. Nf3 Bd7 6. a3 f6 7. Nh4 Qe7 8. Nf3 c4
9. b4 O-O-O 10. a4 Qf7 11. Na3 h6 12. h4 fxe5 13. dxe5 Nge7 14. h5 g6 15. Nb5
Nf5 16. g4 Ng7 17. Be3 a6 18. Nbd4 Nxd4 19. Nxd4 gxh5 20. b5 a5 21. b6 hxg4 22.
Bg5 Re8 23. Nb5 Bc5 24. Be3 Bxb5 25. axb5 Bxe3 26. fxe3 g3 27. Qd4 Kb8 28. Rxa5
Qf2+ 29. Kd1 Nf5 30. Qd2 Nxe3+ 31. Kc1 Qxd2+ 32. Kxd2 g2 33. Bxg2 Nxg2 34. Ke2
Nf4+ 35. Ke3 Nd3 36. Rh5 Nc5 37. Ra2 Nd7 38. Kd4 Nxb6 39. Rah2 Kc7 40. Rxh6
Rxh6 41. Rxh6 Re7 42. Rh8 Nd7 0-1

[Event "4NCL Division 4 South"]
[Site "Reading, ENG"]
[Date "2018.05.05"]
[Round "9.99"]
[White "Tombolis, Glafcos"]
[Black "Sloan, Cecil"]
[Result "0-1"]
[WhiteElo "1247"]
[BlackElo "1605"]
[PlyCount "72"]
[EventDate "2018.05.05"]

1. d4 Nf6 2. c4 e6 3. Nc3 Bb4 4. Bg5 c5 5. Nf3 Qa5 6. Qc2 cxd4 7. Nxd4 Qxg5 8.
Ndb5 Na6 9. Rd1 O-O 10. a3 Bxc3+ 11. bxc3 d5 12. h4 Qg6 13. Qxg6 hxg6 14. e3
Bd7 15. Nd6 Bc6 16. cxd5 exd5 17. c4 Rfd8 18. cxd5 Rxd6 19. Bxa6 bxa6 20. dxc6
Rxd1+ 21. Kxd1 Rc8 22. Ke2 Rxc6 23. Kd3 Kf8 24. f3 Ke7 25. e4 Nh5 26. g4 Nf4+
27. Ke3 Ne6 28. Kd2 Nd4 29. Rh3 Nb5 30. f4 Nd6 31. Kd3 Rb6 32. e5 Rb3+ 33. Kd4
Rxh3 34. exd6+ Kxd6 35. f5 Rxh4 36. fxg6 Rxg4+ 0-1

[Event "4NCL Division 4 South"]
[Site "Reading, ENG"]
[Date "2018.05.05"]
[Round "9.99"]
[White "Lancaster, Roger"]
[Black "McCorry, Robert T"]
[Result "0-1"]
[WhiteElo "1997"]
[BlackElo "2018"]
[PlyCount "108"]
[EventDate "2018.05.05"]

1. e4 c6 2. Nc3 d5 3. Qf3 e6 4. d4 Nd7 5. Bf4 dxe4 6. Nxe4 Ndf6 7. c3 Nxe4 8.
Qxe4 Nf6 9. Qc2 Qa5 10. Nf3 Be7 11. Bd3 O-O 12. h3 c5 13. dxc5 Qxc5 14. Rd1 b5
15. Be5 g6 16. Bd4 Qc7 17. Be5 Qb6 18. Bd4 Qa5 19. a3 Bb7 20. Qe2 a6 21. O-O
Qc7 22. Ne5 Nh5 23. Ng4 Rfd8 24. Be5 Qc6 25. f3 f6 26. Bh2 Kg7 27. Be4 Qb6+ 28.
Kh1 Bxe4 29. Qxe4 Rxd1 30. Rxd1 Rd8 31. Rd3 Rxd3 32. Qxd3 Qd8 33. Nf2 Kf7 34.
Qxd8 Bxd8 35. Ne4 Be7 36. g4 Ng7 37. f4 Ne8 38. Kg2 Nd6 39. Nd2 f5 40. Bg1 Nb7
41. Kf3 Bf6 42. Bb6 e5 43. gxf5 gxf5 44. fxe5 Bxe5 45. Nb3 Ke6 46. Nd4+ Bxd4
47. Bxd4 Na5 48. Kf4 Nc4 49. Kg5 Nxb2 50. Kh6 f4 51. Kxh7 Kf5 52. Kh6 Nd3 53.
a4 f3 54. axb5 axb5 0-1

[Event "4NCL Division 4 South"]
[Site "Reading, ENG"]
[Date "2018.05.05"]
[Round "9.99"]
[White "Judkins, Brian D"]
[Black "Dunlop, Neil J"]
[Result "1/2-1/2"]
[WhiteElo "1738"]
[BlackElo "1811"]
[PlyCount "83"]
[EventDate "2018.05.05"]

1. e4 d5 2. exd5 Qxd5 3. Nc3 Qd6 4. d4 Nf6 5. Nf3 c6 6. Be2 Bf5 7. O-O e6 8.
Bg5 Nbd7 9. Re1 Be7 10. Bd3 Bxd3 11. Qxd3 O-O 12. Rad1 h6 13. Bh4 Qc7 14. Bg3
Bd6 15. Ne2 Rfd8 16. c4 Bxg3 17. Nxg3 Nb6 18. b3 c5 19. Qc3 cxd4 20. Rxd4 Rxd4
21. Qxd4 Rd8 22. Qe3 Qd7 23. h3 Nc8 24. Ne4 Nxe4 25. Qxe4 Nd6 26. Qd4 b6 27.
Rd1 Qc7 28. Qe3 Nf5 29. Rxd8+ Qxd8 30. Qd2 Qxd2 31. Nxd2 Kf8 32. Kf1 Ke7 33.
Ke2 Kd6 34. Kd3 Kc5 35. a3 a5 36. Ne4+ Kc6 37. b4 axb4 38. axb4 Nd6 39. Nxd6
Kxd6 40. Kd4 e5+ 41. Ke4 g6 42. Ke3 1/2-1/2

[Event "4NCL Division 4 South"]
[Site "Reading, ENG"]
[Date "2018.05.05"]
[Round "9.99"]
[White "Charles, Simon"]
[Black "Mountford, Corinne"]
[Result "0-1"]
[WhiteElo "1735"]
[BlackElo "1720"]
[PlyCount "152"]
[EventDate "2018.05.05"]

1. d4 d5 2. Nf3 Bf5 3. Bf4 e6 4. e3 Nf6 5. Nbd2 c5 6. c3 Nc6 7. Be2 Be7 8. O-O
h6 9. h3 O-O 10. dxc5 Bxc5 11. Nb3 Bd6 12. Bxd6 Qxd6 13. Nbd4 Bh7 14. Bd3 Ne4
15. Ne2 Rfd8 16. Qb1 f5 17. Rd1 Qe7 18. a4 a6 19. Qa2 Rd7 20. c4 Nb4 21. Qa3
Nxd3 22. Qxd3 Nc5 23. Qa3 Rc8 24. Ne5 Rdd8 25. cxd5 exd5 26. Nd3 Qd6 27. Ndf4
Qe5 28. Qa2 Kh8 29. Rxd5 Rxd5 30. Qxd5 Qxb2 31. Qd1 Qf6 32. Rc1 Bg8 33. Qd4 b6
34. a5 Rf8 35. axb6 Nb3 36. Qxf6 Rxf6 37. b7 Rb6 38. Rc7 Na5 39. Ng6+ Kh7 40.
Ne7 Bc4 41. Nd4 Rxb7 42. Rxb7 Nxb7 43. Nexf5 a5 44. Ne7 a4 45. Nc2 Nd6 46. Nc6
Nb5 47. Na5 Bd5 48. Na1 Kg6 49. Nc6 Kf6 50. Nb4 Bc4 51. f4 Kf5 52. Kf2 Ke4 53.
g4 Nc3 54. Nbc2 Nd1+ 55. Kg3 Bd3 56. h4 Bxc2 57. Nxc2 Nxe3 58. Nb4 Nd5 59. Nc2
Nxf4 60. g5 hxg5 61. hxg5 g6 62. Na3 Kf5 63. Kf3 Kxg5 64. Nc4 Ne6 65. Na3 Kf5
66. Nc4 g5 67. Na3 g4+ 68. Ke3 Ng5 69. Nc2 Ke5 70. Na3 Kf5 71. Nc2 g3 72. Kd3
Kf4 73. Ke2 Ne4 74. Kf1 Kf3 75. Na3 g2+ 76. Kg1 Ng3 0-1